000 00276nam a2200109Ia 4500
008 200302s9999 xx 000 0 und d
100 _aMarta Serrats
245 _aTerraces, Balconies, Roofgardens and Patios
260 _bLoft Publications
260 _c2010
300 _a599 P.,
999 _c3130
_d3130